|
|
|
|
| LEADER |
03291nam a2200649 a 4500 |
| 001 |
mzk03001053182 |
| 003 |
CZ BrMZK |
| 005 |
20110110143520.0 |
| 007 |
ta |
| 008 |
070809s1687 ne a fr|||||00| ||grcod |
| 040 |
|
|
|a BOA001
|b cze
|
| 041 |
0 |
|
|a grc
|a lat
|
| 072 |
|
7 |
|a 094
|x Staré tisky
|2 Konspekt
|9 12
|
| 080 |
|
|
|a (0.068)094
|2 MRF
|
| 100 |
0 |
|
|a Lúkianos,
|d asi 120-asi 180
|7 jn19981001791
|4 aut
|
| 245 |
1 |
0 |
|a Lukianu Samosateos Apanta. Lvciani Samosatensis Opera.
|n Tomvs II. /
|c Ex versione Ioannis Bendicti. Cum Notis integris Ioannis Bourdelotii, Iacobi Palmerii a Grentemesnil, Tanaquilli Fabri, Aegidii Menagii, Francisci Guieti, Ioannis Georgii Graevii, Iacobi Gronovii, Lamberti Barlaei, Iacobi Tollii, & selectis aliorum. Accedunt inedita Scholia in Lucianum, ex Bibliotheca Isaaci Vossii
|
| 260 |
|
|
|a Amstelodami :
|b Ex Typographia P. & I. Blaev, Prostant apud Wolfgang, Ianssonio-Waesbergios, Boom, a Someren, & Goethals,
|c 1687
|
| 300 |
|
|
|a [2], 922, [26] s. ;
|c 8°
|
| 500 |
|
|
|a Výzdoba: Nad impresem signet "Indefessus Agendo", iniciály, viněty
|
| 505 |
0 |
|
|a Přítisk 1, Scholia eis Lukianu proton meros. Scholia in volvmen primvm Lvciani ... -- [8], 55 s.
|
| 505 |
0 |
|
|a Přítisk 2, Scholia eis Lukianu deuteron meros. Scholia in secvndvm volvmen Lvciani. -- 46 s.
|
| 510 |
3 |
|
|a BNF
|
| 510 |
3 |
|
|a DNB
|
| 546 |
|
|
|a Souběžný řecký a latinský text
|
| 561 |
|
|
|a Provenience: [razítko] Jglauer Gymnasium
|
| 561 |
|
|
|a Provenience: [razítko] Jihlava
|
| 563 |
|
|
|a Původní kožená vazba se zlaceným hřbetem, zlacenou ořízkou a ozdobným zlaceným rámcem na deskách
|
| 655 |
|
7 |
|a staré tisky
|7 fd422076
|2 czenas
|
| 700 |
1 |
|
|a Benoit, Jean,
|d činný 17. století
|7 ola2008459855
|4 trl
|
| 700 |
1 |
|
|a Bourdelot, Jean,
|d -1638
|7 mzk2010588910
|4 cwt
|
| 700 |
1 |
|
|a Le Paulmier de Grentemesnil, Jacques,
|d 1587-1670
|7 mzk2010588938
|4 cwt
|
| 700 |
1 |
|
|a Le Fèvre, Tanneguy,
|d 1615-1672
|7 mzk2003197796
|4 cwt
|
| 700 |
1 |
|
|a Ménage, Gilles,
|d 1613-1692
|7 xx0020489
|4 cwt
|
| 700 |
1 |
|
|a Guyet, François,
|d 1575-1655
|7 mzk2009511440
|4 cwt
|
| 700 |
1 |
|
|a Graevius, Johannes Georgius,
|d 1632-1703
|7 ola364051
|4 cwt
|
| 700 |
1 |
|
|a Gronovius, Jacobus,
|d 1645-1716
|7 ola364053
|4 cwt
|
| 700 |
1 |
|
|a Barlaeus, Lambertus,
|d 1592-1655
|7 mzk2008448934
|4 cwt
|
| 700 |
0 |
|
|a Jacobus Tollius,
|d 1633-1696
|7 mzk2009533742
|4 cwt
|
| 700 |
1 |
|
|a Vossius, Isaac,
|d 1618-1689
|7 mzk2006356120
|4 oth
|
| 700 |
1 |
|
|a Le Clerc, Jean,
|d 1657-1736
|7 mzk2003197503
|4 cwt
|
| 740 |
0 |
2 |
|a Scholia eis Lukianu Proton meros. Scholia in volvmen primvm Lvciani ...
|
| 740 |
0 |
2 |
|a Scholia eis Lukianu Proton meros. Scholia in secvndvm volvmen Lvciani
|
| 903 |
|
|
|a RP
|
| 910 |
|
|
|a BOA001
|b ST1-0080.034,2
|
| 978 |
|
|
|b Blaeu, Joan II.
|a Amsterdam
|c 1687
|
| 978 |
|
|
|b Blaeu, Pieter
|a Amsterdam
|c 1687
|
| 978 |
|
|
|b Boom, Hendrik
|a Amsterdam
|c 1687
|
| 978 |
|
|
|b Goethals, Rembertus
|a Amsterdam
|c 1687
|
| 978 |
|
|
|b Janssonius Van Waesberge, Johannes II
|a Amsterdam
|c 1687
|
| 978 |
|
|
|b Someren van - dílna
|a Amsterdam
|c 1687
|
| 978 |
|
|
|b Wolfgang, Abraham
|a Amsterdam
|c 1687
|
| 984 |
|
|
|a Amsterdam
|b Nizozemsko
|
| 985 |
|
|
|a 1651-1700
|
| 990 |
|
|
|a BK
|
| 993 |
|
|
|a Y
|
| 991 |
|
|
|k mzk
|
| 996 |
6 |
|
|b 2619275349
|c ST1-0080.034,2
|l stud. ST
|r Sklad / do násl. otevíracího dne
|n 0
|w 001053236
|u 000010
|a 1
|e BOA001
|s P
|